Statistics for Memorable American TV Characters #3

Click here to take the quiz!

General Stats

  • This quiz has been taken 22,633 times
    (12,716 since last reset)
  • The average score is 13 of 24

Answer Stats

Character Show % Correct
SpockStar Trek
96%
ShaggyScooby-Doo
88%
Barney RubbleThe Flintstones
82%
CartmanSouth Park
80%
Cousin IttAddams Family
76%
Carlton BanksThe Fresh Prince of Bel Air
75%
B. A. BaracusThe A-Team
74%
George CostanzaSeinfeld
73%
Walter WhiteBreaking Bad
72%
ScreechSaved by the Bell
65%
RadarM*A*S*H
56%
Cobra CommanderG.I. Joe
52%
Don DraperMad Men
52%
Michael ScottThe Office
50%
Dr. CuddyHouse
38%
Ralph KramdenThe Honeymooners
37%
Rick GrimesThe Walking Dead
36%
Manny DelgadoModern Family
33%
Willow RosenbergBuffy the Vampire Slayer
33%
Christopher MoltisantiThe Sopranos
29%
Cousin OliverThe Brady Bunch
25%
Kara Thrace, aka StarbuckBattlestar Galactica
24%
Jed BartletThe West Wing
24%
C. J. ParkerBaywatch
18%

Score Distribution

Percentile by Number Answered

Percent of People with Each Score

Your Score History

You have not taken this quiz since the last reset